| 000 | 00851nam a2200301Ia 4500 | ||
|---|---|---|---|
| 001 | 92592 | ||
| 003 | IT-RoPAU | ||
| 008 | 130308s9999 xx 000 0 und d | ||
| 040 | _aIT-RoPAU | ||
| 040 | _cIT-RoPAU | ||
| 041 | _aSPAGNOLO | ||
| 100 | _aRamos Losada Rafael | ||
| 100 | _gCodice Aut. SPICS: 32535 | ||
| 245 | _aInformacion y propaganda | ||
| 245 | _bEstudios Sobre Television | ||
| 250 | _a1a ed. | ||
| 260 | _aSPAGNA | ||
| 260 | _bTVE | ||
| 260 | _c1967 [1° Ed.:1967 - Ed.Ling.Originale:1966] | ||
| 300 | _a"8 p. (prefazione: no ; testo: 8 [pagine: 133-140])" | ||
| 500 | _aInformazione e propaganda Propaganda Come Agente Deformatore Obiettivi della propaganda Informativa | ||
| 650 | _aSAGGI SULLA TELEVISIONE | ||
| 650 | _eCodice materia Spics: 6961 | ||
| 942 | _cBK | ||
| 957 | _71 | ||
| 999 |
_c57750 _d57750 |
||
| 999 | _bSI | ||
| 999 | _g1 | ||